Statistics for Resident Evil 2 Quiz

Click here to take the quiz!

General Stats

  • This quiz has been taken 304 times
  • The average score is 20 of 85

Answer Stats

HintAnswer% Correct
The Sister Of Chris Redfield And Who You Can Also Play AsClaire Redfield
91%
What Year Does This Game Take Place In?1998
90%
Potential Love Interest For #2 And Who You Can Play As For A Limited TimeAda Wong
80%
Which Town Is Affected By The T Virus?Raccoon City
67%
The Main Enemies Of The GameZombies
67%
The Infamous Creatures That Have A Long TongueLickers
63%
The Enemy Which Appears In The Second ScenarioMr X
60%
The Man Who Is Responsible For Creating The G VirusWilliam Birkin
59%
The Daughter Of #5Sherry Birkin
50%
One Character Who You Can Play AsLeon Scott Kennedy
46%
Is this #2s First Day On The Job?Yes
46%
Can #7 Dive For Your Legs?Yes
46%
The Third Key (The Symbol Is Linked To Love)Heart Key
44%
The Gun That #2 Can Use But #3 CannotShotgun
44%
The Second Key (Found In A Room Where Two Red Items Need To Be Inserted )Diamond Key
39%
Has This Game Been Remastered?No
38%
The First Key (Comes Out Of A Statue)Spade Key
38%
One Item Which Can Heal YouGreen Herb
37%
The Mother Of The AboveAnnette Birkin
35%
The Final Key (Green Colour And Is Another Name For A Group)Club Key
35%
An Item Which Can Be Combined With The Above (Useless On Its Own)Red Herb
35%
Mr DeathHUNK
33%
The Item Which Can Cure The Poison StatusBlue Herb
32%
How Many Stones Does #3 Need To Collect?3
31%
The Weapon That Is Unlocked If You Finish The Game In A Specific Amount Of Time (Can Blow Stuff Up And Has Infinite Ammo)Rocket Launcher
30%
The Dogs That Are No Longer Man's Best FriendCerberus
29%
Which Ammo Type Is Compatible With The Ultimate Boss Killer? (Starts With M)Magnum
29%
What Is #2's OccupationPolice Officer
29%
The Status That Tells You That You Will Probably Die From The Next Attack (Red Colour)Danger
28%
What Is The Maximum Capacity Of The Regular Boomstick?5
27%
What Is The Maximum Capacity Of The Upgraded Boss Killer?8
27%
What Is The Maximum Capacity Of The Upgraded Boomstick?7
26%
The Status That Means You Are 100%Fine
26%
An Easy Way To Save Ammo (Using A Sharp/Metal Weapon)Knife
26%
A Block Who Is Only Armed With A KnifeTofu
26%
The Cop Who Turns Into The Walking Dead Right In Front of Your EyesMarvin Branagh
24%
What Is The Name Of The Ammo Which Can Be Used For Pistols?Handgun Ammo
22%
The Device Which Is Used To Save Your GameTypewriter
22%
The Chief Of The PoliceBrian Irons
21%
The Enemies That Are Similar To PlantsIvy
21%
The Room Where You Can Develop Film.Dark Room
20%
The Main Area Of The Game (Where The Coppers Reside)RPD
20%
The Gun That #3 Can Use But #2 CannotGrenade Launcher
18%
Which Ammo type Is Compatible With The Weapon That Gives Zombies A Nice Dose Of Buckshot?Shotgun Shells
17%
What Is The Name Of The Guy Who Was In A Cell But Dies (#2 Tries To Persuade Him To LeaveBen
15%
A Type Of Bird Resembles This StoneEagle
15%
What Does The Above Stand For?Raccoon Police Department
15%
The First Scenario For #3ClaireA
12%
The Second Scenario For #3ClaireB
12%
The First Scenario For #2LeonA
12%
The Second Scenario For #2LeonB
12%
The Gun That #3 Can Use But #2 Cannot (Arrows)Bowgun
10%
The Item That You Find By Using Stairs To Grab ItCrank
10%
Which Main Entry Was Released After This Game?Resident Evil 3 Nemesis
10%
The Mode Where #15 Is Playable4th Survivor
9%
How Many Plugs Exist In #2's Game?Four
9%
What Does The STARS Acronym Stand For?Special Tactics And Rescue Squad
9%
A Weapon That Takes Up Two Item Slots And Also Decreases Your RankSubmachine Gun
9%
Where Does #3 Find Out About The Undead?Diner
8%
The Name Of The Guy Who You First Speak To After The IntroRobert Kendo
8%
What Does The Above Have When You Fight Him Before The Final Boss?Claws
7%
The First Set Of Weapon PartsHandgun Parts
7%
The Difference Between #2s and #3s Starting HandgunsCapacity
6%
An Enemy Which Appears At The End Of The Game (Room Where You Have To Register As A Guest)Giant Moth
6%
The Third Set Of Weapon PartsMagnum Parts
6%
Who Does The Above Shoot?Mayor's Daughter
6%
The Second Set Of Weapon PartsShotgun Parts
6%
Can Be Unlocked In The Second ScenarioGatling Gun
5%
A Creature That Can Poison Other People Resembles This StoneSerpent
5%
Which Item Increases Your Inventory Space?Side Pack
5%
What Is The Name Of The Item That You Need In Order To Claim The First Key?Unicorn Medal
5%
A Status That Shows You Have Taken DamageYellow Caution
4%
What Order Do You Light Three Furnaces In By Number?12, 13, 11
3%
The Name Of The Upgraded Boss Killer?Custom Magnum
3%
The Name Of The Upgraded Boomstick?Custom Shotgun
3%
The Name Of The Enemies Who Can Poison You (They Crawl Everywhere)Giant Spiders
3%
A Creature That Can Run Fast Symbolises This StoneJaguar
3%
A Status That Shows You Have Been Taken A Moderate Amount Of Damage (Changes From Yellow To Orange)Orange Caution
3%
The Name Of The Upgraded Pistol?Custom Handgun
2%
What Happens To The Above?Killed By Zombies
2%
The Key Item Which Is Used To Raise A Bridge Later In The Game?Valve Handle
2%
The Two Items That Are Essential To Receiving A PlugRed Jewels
1%
A File That You Obtain In A Locker Room (#2 Finds #22 in this room)Watchman's Diary
1%
Where Do You Find The Above?Weapons Room
1%
Where Does #2 Find A Body In The First Few Cutscenes?A Road
0%

Score Distribution

Percentile by Number Answered

Percent of People with Each Score

Your Score History

You have not taken this quiz